[Event "Kostroma Volga Cup op"]
[Site "Kostroma"]
[Date "2010.07.??"]
[Round "8"]
[White "Yugina, Maria"]
[Black "Nikolaev, Nikolay"]
[Result "1-0"]
[WhiteElo "1995"]
[BlackElo "2061"]
[PlyCount "81"]
[EventDate "2010.07.??"]
[EventType "swiss"]
[EventRounds "9"]
[EventCountry "RUS"]
[SourceTitle "EXT 2011"]
[Source "ChessBase"]
[SourceDate "2010.11.26"]
[SourceVersion "1"]
[SourceVersionDate "2010.11.26"]
[SourceQuality "1"]

1. d4 c6 2. c4 d5 3. Nc3 e6 4. Nf3 Nf6 5. e3 Nbd7 6. Bd3 Be7 7. 0-0 0-0 8. Qc2 dxc4 9. Bxc4 b5 10. Be2 Bb7 11. e4 h6 12. e5 Nd5 13. Nxd5 cxd5 14. Bxb5 Rc8 15. Qe2 Bc6 16. Ba6 Rc7 17. Bd2 Nb8 18. Ba5 Nxa6 19. Qxa6 Qc8 20. Qe2 Rb7 21. Rfc1 Bb5 22. Qd2 Qd7 23. h3 Rc8 24. Rxc8+ Qxc8 25. Rc1 Qb8 26. Ne1 Bd8 27. b3 Bb6 28. Bb4 a6 29. Bd6 Qa7 30. Rc8+ Kh7 31. Qc2+ g6 32. Qc1 Bxd4 33. Qf4 f5 34. exf6 Rf7 35. Be5 Bxe5 36. Qxe5 d4 37. Qxe6 d3 38. Nxd3 Bxd3 39. Qe8 Qxf2+ 40. Kxf2 Rxf6+ 41. Kg1 1-0

[Event "Kostroma Volga Cup op"]
[Site "Kostroma"]
[Date "2008.07.??"]
[Round "8"]
[White "Abdrakhmanov, Ramiss"]
[Black "Yugina, Maria"]
[Result "1/2-1/2"]
[WhiteElo "1855"]
[BlackElo "2005"]
[PlyCount "58"]
[EventDate "2008.07.??"]
[EventType "swiss"]
[EventRounds "9"]
[EventCountry "RUS"]
[SourceTitle "EXT 2009"]
[Source "ChessBase"]
[SourceDate "2008.11.26"]
[SourceVersion "1"]
[SourceVersionDate "2008.11.26"]
[SourceQuality "1"]

1. e4 d5 2. exd5 Nf6 3. Nf3 Nxd5 4. d4 Bg4 5. Be2 e6 6. 0-0 Bd6 7. c4 Nf6 8. Nc3 0-0 9. Bg5 h6 10. Bh4 Nbd7 11. Ne4 Be7 12. Bxf6 Bxf6 13. Nxf6+ Qxf6 14. h3 Bf5 15. Qb3 Rab8 16. Rae1 Rfd8 17. Rd1 a6 18. Rd2 Re8 19. Bd3 e5 20. Bxf5 Qxf5 21. dxe5 Nxe5 22. Nxe5 Rxe5 23. Rfd1 Rbe8 24. Rd8 Rxd8 25. Rxd8+ Kh7 26. Qd3 Re1+ 27. Kh2 Qxd3 28. Rxd3 Rc1 29. b3 b5 1/2-1/2